| 000 | 00675nam a2200205 a 4500 | ||
|---|---|---|---|
| 001 | 4002 | ||
| 005 | 20140414132041.0 | ||
| 008 | 040602s19uu xx 00 eng d | ||
| 020 | _a1-55924-247-7 | ||
| 050 |
_aBB _bC83 1990 |
||
| 100 | _aJacobs, Leland B. | ||
| 245 |
_aCounting six to ten / _cwritten by Leland B. Jacobs; illustrated by Duane Bibby. |
||
| 260 |
_aU. S. A : _bDLM Teaching Resources, _c1990. |
||
| 300 | _a18 p. : ill. ; cm. | ||
| 440 | _aNumbers in Rhyme | ||
| 500 | _aContents: Six Brown Rabbits--Seven City Sparrows--Count Eight--Nine Gray Elephants--Ten Toes. | ||
| 650 | _aCounting--Juvenile literature. | ||
| 650 | _aRhymes. | ||
| 999 |
_c113845 _d113845 |
||